000 00595nam a2200181 i 4500
001 142728
003 ES-MaACL
005 20230906200616.0
007 t|
008 071009m19261934fr ||||1| fre d
100 1 _aViénot, John.
_9114584
245 1 0 _aHistoire de la réforme française /
_cJohn Viénot.
260 _aParis :
_bLibrairie Fischbacher,
_c1926-1934.
300 _a2 v. :
_bil. ;
_c24 cm.
505 8 _aContiene: t.1. Des origenes á l'édit de Nantes. - t.2. De l'édit de Nantes á sa révocation
650 4 _aReforma-
_zFrancia.
_9164387
852 _aES-MaACL
_jA-2780-81
999 _c142728
_d142728